The valuation of leasehold property (Record no. 80749)
[ view plain ]
| 000 -LEADER | |
|---|---|
| fixed length control field | 00929cab a22001935a 4500 |
| 001 - CONTROL NUMBER | |
| control field | L145249 |
| 008 - FIXED-LENGTH DATA ELEMENTS--GENERAL INFORMATION | |
| fixed length control field | 080918s2008 xxkad f s 000 0 eng d |
| 035 ## - SYSTEM CONTROL NUMBER | |
| System control number | (Sirsi) u145249 |
| 041 0# - LANGUAGE CODE | |
| Language code of text/sound track or separate title | eng |
| 100 1# - MAIN ENTRY--PERSONAL NAME | |
| Personal name | French, Nick |
| 245 04 - TITLE STATEMENT | |
| Title | The valuation of leasehold property |
| 260 ## - PUBLICATION, DISTRIBUTION, ETC. | |
| Date of publication, distribution, etc. | 2008 |
| 490 #0 - SERIES STATEMENT | |
| Series statement | Journal of Property Investment and Finance |
| Volume/sequential designation | 26(5) 2008, 447-449(3) |
| 520 ## - SUMMARY, ETC. | |
| Summary, etc. | Using worked examples, explains that the market value of any interest (freehold or leasehold), represents the discounted value of the future benefits derived from the ownership of that interest. Reconsiders this idea in relation to leasehold valuations, using a discounted cash flow (DCF) technique. Concludes that the case of short leaseholds shows that DCF techniques should be used as the principal valuation method. |
| 590 ## - LOCAL NOTE (RLIN) | |
| Local note | KA |
| 651 #4 - SUBJECT ADDED ENTRY--GEOGRAPHIC NAME | |
| Geographic name | United Kingdom |
| Chronological subdivision | |
| 690 ## - LOCAL SUBJECT ADDED ENTRY--TOPICAL TERM (OCLC, RLIN) | |
| Topical term or geographic name as entry element | PROPERTY-PROPERTY APPRAISAL AND VALUATION |
| 942 ## - ADDED ENTRY ELEMENTS (KOHA) | |
| Suppress in OPAC | 0 |
| Withdrawn status | Lost status | Source of classification or shelving scheme | Damaged status | Not for loan | Home library | Current library | Shelving location | Date acquired | Total Checkouts | Full call number | Barcode | Date last seen | Copy number | Price effective from | Koha item type |
|---|---|---|---|---|---|---|---|---|---|---|---|---|---|---|---|
| Dewey Decimal Classification | London | London | Journal article | 18/09/2008 | L145249 | 145249-1001 | 06/08/2019 | 1 | 06/08/2019 | Journal article |